izombie cast 2015-2019 - Statistics

General Stats
  • This quiz has been taken 8 times
  • The average score is 11 of 44
Answer Stats
character actor/actress % Correct
Peyton Charles Aly Michalka
86%
Blaine DeBeers David Anders
86%
Major Lilywhite Robert Buckley
86%
Olivia Moore Rose McIver
86%
Clive Babineaux Malcolm Goodwin
57%
Angus DeBeers Robert Knepper
57%
Don E/ Scott E Bryce Hodgson
43%
Johnny Frost Daran Norris
43%
Floyd Baracus Kurt Evans
43%
Rita Clark/Gilda Leanne Lapp
43%
Eva Moore Molly Hagan
43%
Evan Moore Nick Purcha
43%
Detective Cavanaugh Robert Salvador
43%
Vaughn Du Clark Steven Weber
43%
Julien Dupont Aleks Paunovic
29%
Lowell Tracey Bradley James
29%
Stacey Boss Eddie Jemison
29%
Drake Holloway Greg Finley
29%
Lientant Suzuki Hiro Kanagawa
29%
Chase Graves Jason Dohring
29%
Dale Bozzio Jessica Harmon
29%
Ravi Chakrabarti Rahul Kohli
29%
Justin Tongayi Chirisa
29%
Brandt Stone Ken Marino
14%
Tanner Nathan Barrett
14%
Chuck Burd Aaron Douglas
0%
Zack Stoll Aidan Khan
0%
Vivan Stoll Andrea Savage
0%
Chief Andre Tricteux
0%
Teresa Bex Taylor-Klaus
0%
Kenny Bradley Stryker
0%
Austin Brendan Meyer
0%
Natalie Brooke Lyons
0%
Dr Lockett Chris Shields
0%
Corinne Elise Gatien
0%
Rachel Greenblatt Ella Cannon
0%
Detective Lou Benedetto Enrico Colantoni
0%
Detective Flynn Fulvio Cecere
0%
Bo Johns James Pizzinato
0%
Pam Lola St.Vil
0%
Wally Reid Mataeo Mingo
0%
sebastian Meyer Matthew MacCaull
0%
Harry Cole Ray Galletti
0%
Gabriel Yani Gellman
0%
No matching quizzes found
Score Distribution
Percent of People with Each Score
Percentile by Number Answered
Your Score History
You have not taken this quiz